| 000 | 01791nam a2200253Ia 4500 | ||
|---|---|---|---|
| 999 |
_c55914 _d55914 |
||
| 001 | 23012 | ||
| 003 | GE_BSU | ||
| 005 | 20230615113850.0 | ||
| 008 | 181216s ||||ge |||||||||||||| ||geo|| | ||
| 040 | _cGE_BSU | ||
| 041 | _ageo | ||
| 245 |
_aძველი ქართული ლიტერატურის ქრესტომათია. ტ. 2 / _cშედგენილი სოლ. ყუბანეიშვილის მიერ ; რედ. ალ. ბარამიძე ; ყდა, ფორზაცი და ტიტული რენე შმერლინგისა ; თავსართი და ბოლოსართები ტ. შევიაკოვასი. |
||
| 264 |
_aთბილისი : _bსტალინის სახ. თბილისის სახელმწ. უნ-ტის გამ-ბა, _c1949. |
||
| 300 |
_a466 გვ. ; _c 28 სმ. |
||
| 500 | _aდანართი : ლექსიკონი ; გვ. 425-457 | ||
| 500 | _a საკუთარ სახელთა საძიებელი : გვ. 458-465 | ||
| 504 | _aბიბლიოგრაფია : ლიტ-რა, წინასიტყვაობაში, ტექსტში და შენიშვნებში | ||
| 541 | _h5ლ. 20 თ. | ||
| 653 | _aძველი ქართული ლიტერატურის ქრესტომათია. ტ.2 | ||
| 653 | _aძველი ქართული ლიტერატურის ქრესტომათიები | ||
| 700 |
_aყუბანეიშვილი, სოლ. _eშემდგენელი _94992 |
||
| 700 |
_aბარამიძე, ალ. _eრედაქტორი _94433 |
||
| 942 |
_cBK _2udc |
||